Stát a živnostníci Pomůže novela živnostenského zákona podnikatelům?

MH ČR pripravilo návrh zásad nového živnostenského zákona, v ktorom je opäť zdôraznené hľadisko štátnej správy. Snaha o liberalizáciu podmienok živnostenského podnikania. K presadzovaniu a ochrane záujmov svojich členov sa zriaďuje Hospodárska komora, ktorá je združením podnikateľov. V zákone jej vš...

Descrizione completa

Salvato in:
Dettagli Bibliografici
Autore principale: Veselý, J.
Natura: Capitolo di libro
Lingua:ceco
Soggetti:
Tags: Aggiungi Tag
Nessun Tag, puoi essere il primo ad aggiungerne!!

MARC

LEADER 00000naa a2200000 4500
001 r013844
005 20221213082055.1
041 0 |a cze 
044 |a CZ 
245 1 0 |a Stát a živnostníci  |b Pomůže novela živnostenského zákona podnikatelům?  |c J. Veselý 
520 |a MH ČR pripravilo návrh zásad nového živnostenského zákona, v ktorom je opäť zdôraznené hľadisko štátnej správy. Snaha o liberalizáciu podmienok živnostenského podnikania. K presadzovaniu a ochrane záujmov svojich členov sa zriaďuje Hospodárska komora, ktorá je združením podnikateľov. V zákone jej však nebola vymedzená žiadna právomoc v nadväznosti na živnostenský zákon. 
610 2 0 |a živnosti 
610 2 0 |a podnikatelia 
610 2 0 |a zákony 
610 2 0 |a podnikanie súkromné 
610 2 0 |a komory hospodárske 
610 2 0 |a správa štátna 
610 2 0 |a ochrana pracovníkov 
610 2 0 |a ochrana vlastníctva 
610 2 0 |a Čechy 
100 1 |a Veselý, J.